000 01070nam a2200241 i 4500
001 164136
003 ES-MaACL
005 20250927063038.0
008 050727s1886 sp a |||| |dspa d
040 _aCAM
_bspa
_cCAM
100 1 _aRuiz, Antonio,
_d-ca.1800
_9158431
245 1 3 _aLa ciencia en el desierto
_b: descripcion de un viaje á los paises desconocidos del interior de Africa, imitacion de Julio Verne /
_cpor Antonio Ruiz ; dibujante, Emilio Estrella ; grabador, Eugenio Alós.
250 _a2ª ed. il. con grab. y considerablemente aum.
260 _aBarcelona :
_bSociedad Editorial,
_c1886 (
_fTipo-litografía de los Sucesores de Ramirez y cª)
300 _a64 p. :
_bil. ;
_c28 cm.
490 1 _aBiblioteca ilustrada de Martí y Roig
596 _aFecha e imp. constan al verso de port.
700 1 _aEstrella, Emilio.
_9126980
700 1 _aAlós, Emilio.
_9158432
830 0 _aBiblioteca ilustrada de Martí y Roig
_9188453
852 _aES-MaACL
_jFol-Laf-50
_z- Rust.
_z. - Legado M. de la Fuente
999 _c164136
_d164136